Language Quiz

Random Language or Spanish Quiz

Spanish: Body Parts Match Quiz Stats

 Plays Quiz Updated Dec 6, 2018

Support Sporcle.
Go Orange.
Score 0/42 Timer 05:00
42 Plays Today
% Correct
muscle
82.9%
eye
81.2%
stomach
81.2%
hand
79%
tooth
78.4%
nose
77.8%
head
75.8%
mouth
75.3%
foot
72.5%
toe
71.9%
heart
70.2%
arm
68.7%
hair
68.6%
tongue
66.7%
finger
66.2%
lip
64.9%
blood
63.2%
brain
62.8%
beard
61.5%
skeleton
61.5%
knee
61.3%
% Correct
face
61.2%
body
61%
ear (external)
60.4%
forehead
59.3%
leg
58.7%
spine
55.9%
shoulder
55%
lung
54%
chest
53.3%
buttocks
53.2%
ear (internal)
52.6%
back
51.6%
neck
47.7%
fingernail
46.7%
skin
46.4%
waist
46.3%
wrist
43%
bone
41.8%
eyebrow
38.6%
skull
32.8%
hip
28.8%

You're not logged in!

Compare scores with friends on all Sporcle quizzes.
OR
Log In
Forgot?

From the Vault

Brooklyn Nine-Nine Mug Shots

by pdigoe

From now on, call me Velvet Thunder.
Remove Ads.
Support Sporcle.
Get the best of Sporcle when you Go Orange. This ad-free experience offers more features, more stats, and more fun while also helping to support Sporcle. Thank you for becoming a member.

Show Comments

Extras

Top Quizzes Today


Score Distribution

Your Account Isn't Verified!

In order to create a playlist on Sporcle, you need to verify the email address you used during registration. Go to your Sporcle Settings to finish the process.

Report this User

Report this user for behavior that violates our Community Guidelines.

Details: